[Event "South America-ch U20"]
[Site "Asuncion"]
[Date "2019.05.16"]
[Round "8"]
[White "Gomez Barrera, Gonzalo Andres"]
[Black "Cosme Contreras, Trilce"]
[Result "1/2-1/2"]
[WhiteElo "2058"]
[BlackElo "2051"]
[PlyCount "83"]
[EventDate "2019.05.11"]
[EventType "swiss"]
[EventRounds "9"]
[EventCountry "PAR"]
[SourceTitle "CBM 190 Extra"]
[Source "ChessBase"]
[SourceDate "2019.07.15"]
[SourceVersion "1"]
[SourceVersionDate "2019.07.15"]
[SourceQuality "1"]

1. d4 Nf6 2. c4 g6 3. Nc3 Bg7 4. e4 d6 5. h3 0-0 6. Be3 c5 7. Nf3 Qa5 8. Bd3 Nc6 9. 0-0 Nd7 10. d5 Nd4 11. Bxd4 cxd4 12. Nb5 Qb6 13. Rb1 a6 14. Na3 e5 15. dxe6 fxe6 16. b4 Ne5 17. Nxe5 Bxe5 18. c5 dxc5 19. Nc4 Qc7 20. bxc5 Qxc5 21. Nb6 Rb8 22. Qb3 Qd6 23. Bc4 Re8 24. f4 Bxf4 25. Rxf4 Qxf4 26. Nxc8 Rbxc8 27. Bxe6+ Kh8 28. Bxc8 Rxc8 29. Qxb7 Qe3+ 30. Kh1 Re8 31. Rf1 d3 32. Rf7 Qh6 33. Qd7 Rf8 34. Rxf8+ Qxf8 35. Qxd3 Qc5 36. Qd8+ Kg7 37. Qd7+ Kf6 38. Qd8+ Ke5 39. Qg5+ Kd4 40. Qd2+ Kxe4 41. Qe2+ Qe3 42. Qxa6 1/2-1/2

[Event "Guayaquil zt 2.4 (Women)"]
[Site "Guayaquil"]
[Date "2019.04.10"]
[Round "2"]
[White "Cosme Contreras, Trilce"]
[Black "Avila Castillo, Luciana Brunela"]
[Result "1-0"]
[WhiteElo "2075"]
[BlackElo "1384"]
[PlyCount "87"]
[EventDate "2019.04.09"]
[EventType "tourn"]
[EventRounds "9"]
[EventCountry "ECU"]
[SourceTitle "CBM 189 Extra"]
[Source "ChessBase"]
[SourceDate "2019.06.03"]
[SourceVersion "1"]
[SourceVersionDate "2019.06.03"]
[SourceQuality "1"]

1. c4 e5 2. Nc3 Nc6 3. g3 Bc5 4. Bg2 d6 5. e3 Nf6 6. Nge2 a6 7. 0-0 Bf5 8. d4 exd4 9. Nxd4 Bxd4 10. exd4 0-0 11. a3 Qc8 12. Bg5 Nd7 13. Nd5 h6 14. Be3 Re8 15. b4 Be4 16. Qg4 Bg6 17. Bh3 Ncb8 18. Qh4 Qd8 19. Qxd8 Rxd8 20. Nxc7 Ra7 21. Nd5 Be4 22. Ne7+ Kf8 23. Nf5 Nf6 24. d5 Ra8 25. Bb6 Bxf5 26. Bxf5 Re8 27. Bc7 g6 28. Bxd6+ Kg7 29. Bh3 Ne4 30. Bf4 g5 31. Be3 Rd8 32. Rfe1 Nd7 33. Bd4+ Nef6 34. Re7 Nf8 35. Rae1 Rab8 36. Be6 Nxe6 37. R1xe6 Kf8 38. Re1 Nh5 39. Rc7 Re8 40. Bc5+ Kg8 41. Rxe8+ Rxe8 42. Be7 Rb8 43. d6 Ng7 44. d7 1-0

[Event "American Continental (Women) 11th"]
[Site "Envigado"]
[Date "2018.11.23"]
[Round "8"]
[White "Caballero Quijano, Mitzy Mishell"]
[Black "Cosme Contreras, Trilce"]
[Result "0-1"]
[WhiteElo "1992"]
[BlackElo "1829"]
[PlyCount "74"]
[EventDate "2018.11.17"]
[EventType "swiss"]
[EventRounds "9"]
[EventCountry "COL"]
[SourceTitle "CBM 187 Extra"]
[Source "ChessBase"]
[SourceDate "2018.11.04"]
[SourceVersion "1"]
[SourceVersionDate "2018.11.04"]
[SourceQuality "1"]

1. d4 Nf6 2. Nf3 g6 3. c4 Bg7 4. g3 0-0 5. Bg2 d6 6. 0-0 Nc6 7. Nc3 a6 8. h3 Rb8 9. e4 Nd7 10. Bg5 h6 11. Be3 Kh7 12. Rc1 Na5 13. b3 b5 14. cxb5 axb5 15. d5 b4 16. Na4 Ba6 17. Re1 Bb5 18. Nd4 Bxa4 19. bxa4 Nc5 20. Nb5 b3 21. Bxc5 b2 22. Rc2 dxc5 23. Rxc5 Rb6 24. Qc2 c6 25. dxc6 Rxc6 26. Rxc6 Nxc6 27. Qxc6 Qd2 28. Rf1 Qd3 29. a5 b1Q 30. Rxb1 Qxb1+ 31. Bf1 Rd8 32. a6 Rd1 33. Qc4 Rc1 34. Qxc1 Qxc1 35. a7 Qc6 36. Nc7 Bd4 37. a8Q Qf6 0-1

[Event "American Continental (Women) 11th"]
[Site "Envigado"]
[Date "2018.11.20"]
[Round "6"]
[White "Cosme Contreras, Trilce"]
[Black "Roca Rojas, Ana Flavia"]
[Result "1/2-1/2"]
[WhiteElo "1829"]
[BlackElo "2132"]
[PlyCount "82"]
[EventDate "2018.11.17"]
[EventType "swiss"]
[EventRounds "9"]
[EventCountry "COL"]
[SourceTitle "CBM 187 Extra"]
[Source "ChessBase"]
[SourceDate "2018.11.04"]
[SourceVersion "1"]
[SourceVersionDate "2018.11.04"]
[SourceQuality "1"]

1. d4 Nf6 2. c4 e6 3. Nc3 Bb4 4. Qc2 0-0 5. Bg5 d5 6. e3 a6 7. Bh4 Be7 8. Nf3 b6 9. cxd5 exd5 10. Be2 Bb7 11. 0-0 Nbd7 12. Rfd1 Ne4 13. Bg3 Nxg3 14. hxg3 Re8 15. a3 c6 16. Rac1 Bd6 17. Bd3 Nf6 18. Na4 Qe7 19. Nh4 Qc7 20. Nf5 Bf8 21. b4 Qd7 22. Nh4 g6 23. Nf3 Bd6 24. Qe2 Rab8 25. Rc2 Qe7 26. Nh2 Kg7 27. Nc3 b5 28. Na2 Ra8 29. Nf1 a5 30. Rb1 axb4 31. Nxb4 Rec8 32. Rc3 Ra4 33. Qb2 Nd7 34. Rcc1 Nb6 35. Nd2 Bxb4 36. axb4 Rca8 37. Qc3 Nc4 38. Bxc4 bxc4 39. b5 Ra3 40. Qb4 Qxb4 41. Rxb4 Ra1 1/2-1/2

[Event "American Continental (Women) 11th"]
[Site "Envigado"]
[Date "2018.11.19"]
[Round "4"]
[White "Chirivi Castiblanco, Jenny Astrid"]
[Black "Cosme Contreras, Trilce"]
[Result "0-1"]
[WhiteElo "2118"]
[BlackElo "1829"]
[PlyCount "121"]
[EventDate "2018.11.17"]
[EventType "swiss"]
[EventRounds "9"]
[EventCountry "COL"]
[SourceTitle "CBM 187 Extra"]
[Source "ChessBase"]
[SourceDate "2018.11.04"]
[SourceVersion "1"]
[SourceVersionDate "2018.11.04"]
[SourceQuality "1"]

1. d4 Nf6 2. c4 g6 3. Nc3 Bg7 4. Nf3 0-0 5. g3 d6 6. Bg2 Nc6 7. 0-0 a6 8. e4 Bg4 9. h3 Bxf3 10. Bxf3 e5 11. dxe5 dxe5 12. Bg5 Nd4 13. Bg2 h6 14. Be3 Nd7 15. f4 Kh7 16. Rc1 c6 17. Ne2 c5 18. Nc3 Nb6 19. b3 f6 20. Nd5 Nxd5 21. cxd5 Qa5 22. Rf2 Rac8 23. Kh2 b5 24. fxe5 fxe5 25. Rxf8 Rxf8 26. Rxc5 Qxa2 27. Rc7 Qxb3 28. Qc1 Rg8 29. Bxh6 Ne2 30. Qg5 Qd1 31. Qe3 b4 32. Rb7 b3 33. Bxg7 Rxg7 34. Rxb3 Qc2 35. Qd3 Qxd3 36. Rxd3 a5 37. Bf1 Nd4 38. Ra3 Ra7 39. Kg2 Kg7 40. h4 Kf6 41. Kf2 Ke7 42. Bd3 Kd6 43. g4 a4 44. h5 gxh5 45. gxh5 Rh7 46. Rxa4 Rxh5 47. Ra6+ Kd7 48. Bf1 Rh4 49. Bg2 Rf4+ 50. Kg3 Rf8 51. Bh3+ Kc7 52. Bg4 Rh8 53. Rg6 Rf8 54. d6+ Kb7 55. d7 Nc6 56. Be6 Kc7 57. Rg7 Rd8 58. Kh4 Nb8 59. Kg5 Nxd7 60. Bxd7 Rxd7 61. Rxd7+ 0-1

[Event "Wch U18 Girls"]
[Site "Porto Carras"]
[Date "2018.10.28"]
[Round "9.15"]
[White "Represa Perez, Mireya"]
[Black "Cosme Contreras, Trilce"]
[Result "0-1"]
[WhiteElo "2151"]
[BlackElo "1829"]
[PlyCount "96"]
[EventDate "2018.10.20"]
[EventType "swiss"]
[EventRounds "11"]
[EventCountry "GRE"]
[SourceTitle "CBM 187 Extra"]
[Source "ChessBase"]
[SourceDate "2018.11.04"]
[SourceVersion "1"]
[SourceVersionDate "2018.11.04"]
[SourceQuality "1"]

1. e4 c5 2. Nf3 d6 3. d4 cxd4 4. Qxd4 Nc6 5. Bb5 Bd7 6. Bxc6 bxc6 7. c4 c5 8. Qd3 g6 9. 0-0 Bg7 10. Rd1 Qc7 11. Nc3 Nf6 12. Bf4 Qb7 13. Rd2 0-0 14. h3 Bc6 15. Re1 h6 16. Nd5 Bxd5 17. exd5 Rad8 18. Qe3 Kh7 19. Qxe7 Rd7 20. Qe2 Re8 21. Qd1 Rxe1+ 22. Qxe1 Nh5 23. Bh2 Bxb2 24. g4 Ng7 25. Qb1 Be5 26. Qd3 Bxh2+ 27. Kxh2 Rd8 28. Re2 Qd7 29. Nd2 f5 30. g5 Re8 31. gxh6 Kxh6 32. Nf3 Rxe2 33. Qxe2 f4 34. Nh4 g5 35. Ng2 Qe8 36. Qg4 Qe5 37. Qf3 Nf5 38. Kg1 Nd4 39. Qg4 Qe4 40. Kf1 Qd3+ 41. Kg1 Nf3+ 42. Qxf3 Qxf3 43. h4 g4 44. Ne1 Qh3 45. Ng2 f3 46. Ne3 Kg6 47. a4 a5 48. h5+ Kxh5 0-1

[Event "Wch U18 Girls"]
[Site "Porto Carras"]
[Date "2018.10.23"]
[Round "5"]
[White "Belluire, Beatrice"]
[Black "Cosme Contreras, Trilce"]
[Result "0-1"]
[WhiteElo "1931"]
[BlackElo "1829"]
[PlyCount "88"]
[EventDate "2018.10.20"]
[EventType "swiss"]
[EventRounds "11"]
[EventCountry "GRE"]
[SourceTitle "CBM 187 Extra"]
[Source "ChessBase"]
[SourceDate "2018.11.04"]
[SourceVersion "1"]
[SourceVersionDate "2018.11.04"]
[SourceQuality "1"]

1. e4 c5 2. Nf3 d6 3. d4 cxd4 4. Nxd4 Nf6 5. Nc3 a6 6. Bg5 e6 7. f4 Be7 8. Qf3 Qc7 9. 0-0-0 Nbd7 10. Bxf6 Nxf6 11. g4 b5 12. g5 Nd7 13. f5 Bxg5+ 14. Kb1 Ne5 15. Qh5 Qd8 16. h4 Bf6 17. Nxe6 Bxe6 18. fxe6 0-0 19. exf7+ Kh8 20. Bh3 Rxf7 21. Nd5 Rf8 22. Nf4 Qe8 23. Qe2 Nc4 24. h5 Qe5 25. Nd3 Qd4 26. c3 Qe3 27. Qg2 Qh6 28. Qf2 Bxc3 29. Bf5 Bd2 30. Rxd2 Nxd2+ 31. Ka1 Nxe4 32. Qf3 Ng3 33. Nf4 Nxf5 34. Ng6+ hxg6 35. hxg6 Nh4 36. Qg4 Rf4 37. Qg3 Raf8 38. a3 Qg5 39. Qe1 Qf6 40. Qe2 Qxg6 41. Qe1 Qf6 42. Qg3 Rf1+ 43. Rxf1 Qxf1+ 44. Ka2 Qc4+ 0-1

[Event "Pan American-ch U18 Girls"]
[Site "Santiago de Chile"]
[Date "2018.07.22"]
[Round "1"]
[White "Manriquez Abarzua, Maria Belen"]
[Black "Cosme Contreras, Trilce"]
[Result "0-1"]
[WhiteElo "1570"]
[BlackElo "1937"]
[PlyCount "34"]
[EventDate "2018.07.22"]
[EventType "swiss"]
[EventRounds "9"]
[EventCountry "CHI"]
[SourceTitle "EXT 2022"]
[Source "ChessBase"]
[SourceDate "2021.10.06"]
[SourceVersion "1"]
[SourceVersionDate "2021.10.06"]
[SourceQuality "1"]

1. e4 c5 2. Nf3 d6 3. d4 cxd4 4. Nxd4 Nf6 5. Nc3 a6 6. Rg1 Nc6 7. f3 Qb6 8. Nde2 e6 9. b3 Be7 10. Bb2 0-0 11. Qd2 d5 12. Na4 Qc7 13. 0-0-0 dxe4 14. Qe3 Nb4 15. Nec3 b5 16. a3 bxa4 17. axb4 axb3 0-1

[Event "Pan American-ch U20 Girls"]
[Site "Guayaquil"]
[Date "2018.06.23"]
[Round "7"]
[White "Cosme Contreras, Trilce"]
[Black "Librelato, Kathie Goulart"]
[Result "1/2-1/2"]
[WhiteElo "2007"]
[BlackElo "2072"]
[PlyCount "188"]
[EventDate "2018.06.19"]
[EventType "swiss"]
[EventRounds "9"]
[EventCountry "ECU"]
[SourceTitle "EXT 2019"]
[Source "ChessBase"]
[SourceDate "2018.10.10"]
[SourceVersion "1"]
[SourceVersionDate "2018.10.10"]
[SourceQuality "1"]

1. c4 Nf6 2. Nc3 g6 3. g3 Bg7 4. Bg2 0-0 5. d3 d6 6. Rb1 Nc6 7. e3 e5 8. Nge2 Be6 9. Nd5 Ne8 10. 0-0 Qd7 11. Re1 Nd8 12. b4 c6 13. Ndc3 Nc7 14. b5 cxb5 15. cxb5 d5 16. d4 Bf5 17. Rb3 Nde6 18. a4 Rfd8 19. Ba3 Rac8 20. b6 axb6 21. Rxb6 Rb8 22. Rd6 Qe8 23. Nxd5 Nxd5 24. Rxd5 Rxd5 25. Bxd5 Qd7 26. dxe5 Rd8 27. Bd6 Bxe5 28. Bxe5 Qxd5 29. Qxd5 Rxd5 30. Bd4 Ng5 31. Rc1 Ra5 32. h4 Nf3+ 33. Kg2 Nxd4 34. Nxd4 Be4+ 35. f3 Bd3 36. Ra1 Bc4 37. Rb1 Rxa4 38. Rxb7 Ra2+ 39. Kh3 h5 40. g4 hxg4+ 41. Kxg4 Rg2+ 42. Kf4 Kg7 43. Rc7 Ba2 44. Rc2 Rxc2 45. Nxc2 Kh6 46. Kg4 Be6+ 47. Kg3 g5 48. Nd4 gxh4+ 49. Kxh4 Ba2 50. f4 Bb1 51. Kg4 Kg6 52. f5+ Kg7 53. Kf4 f6 54. e4 Kf7 55. Ne2 Bc2 56. Ke3 Ke7 57. Kd4 Kf7 58. Kd5 Ke7 59. Nd4 Bb1 60. Nc6+ Kf7 61. Nb4 Ke7 62. Kd4 Kf7 63. Ke3 Ke7 64. Nc6+ Kf7 65. Nb4 Ke7 66. Nd5+ Kf7 67. Nc3 Bc2 68. Kd2 Bb3 69. Nd5 Ba2 70. Kc2 Bc4 71. Kc3 Be2 72. Nf4 Bd1 73. Ne6 Ke7 74. Nd4 Kf7 75. Nc2 Ke7 76. Kd2 Bf3 77. Ke3 Bd1 78. Nd4 Ba4 79. Kf4 Kd6 80. Ne2 Bc2 81. Nc3 Ke7 82. Ke3 Kd6 83. Kd4 Ke7 84. Kc5 Kf7 85. Kd6 Bd3 86. Kd5 Bc2 87. Kd4 Ke7 88. Ke3 Kd6 89. Kf4 Ke7 90. Nd5+ Kf7 91. Nxf6 Kxf6 92. e5+ Kf7 93. f6 Ke6 94. Kg5 Bb3 1/2-1/2

[Event "Pan American-ch U20 Girls"]
[Site "Guayaquil"]
[Date "2018.06.20"]
[Round "2"]
[White "Cosme Contreras, Trilce"]
[Black "Iza Mendoza, Nefthys Sayde"]
[Result "1-0"]
[WhiteElo "2007"]
[BlackElo "1498"]
[PlyCount "113"]
[EventDate "2018.06.19"]
[EventType "swiss"]
[EventRounds "9"]
[EventCountry "ECU"]
[SourceTitle "EXT 2019"]
[Source "ChessBase"]
[SourceDate "2018.10.10"]
[SourceVersion "1"]
[SourceVersionDate "2018.10.10"]
[SourceQuality "1"]

1. c4 e5 2. Nc3 Nc6 3. g3 f5 4. Bg2 Nf6 5. d3 g6 6. e3 Bg7 7. Nge2 d6 8. 0-0 0-0 9. Rb1 a5 10. a3 Be6 11. b4 axb4 12. axb4 d5 13. d4 exd4 14. exd4 Ne7 15. c5 Bf7 16. b5 Ne4 17. f3 Nxc3 18. Nxc3 Qd7 19. Re1 Rfe8 20. Bf4 h6 21. h4 Kh7 22. Qd2 Ng8 23. Rxe8 Bxe8 24. Re1 Nf6 25. Kh2 Bf7 26. Re2 Re8 27. Rxe8 Qxe8 28. Bxc7 Be6 29. Be5 Qf7 30. b6 Bd7 31. Qe2 Bc6 32. Nb5 Qd7 33. Bf1 Qc8 34. Na7 Qd7 35. Qb2 Qe8 36. Bb5 Bxb5 37. Qxb5 Qe7 38. Nc8 Qd8 39. Nd6 Qe7 40. c6 bxc6 41. Qxc6 Nd7 42. b7 Bxe5 43. dxe5 Nxe5 44. Qxd5 Nd7 45. Qd2 Nb8 46. f4 Kg7 47. Qd4+ Kh7 48. Kh3 Qe2 49. Qc4 Qxc4 50. Nxc4 Kg7 51. h5 g5 52. Ne5 Kf6 53. Kg2 g4 54. Kf2 Ke6 55. Ke3 Ke7 56. Kd4 Ke6 57. Kc5 1-0

[Event "South America-ch U20 Girls"]
[Site "Asuncion"]
[Date "2018.05.22"]
[Round "5"]
[White "Cosme Contreras, Trilce"]
[Black "Librelato, Kathie Goulart"]
[Result "0-1"]
[WhiteElo "2008"]
[BlackElo "2047"]
[PlyCount "100"]
[EventDate "2018.05.20"]
[EventType "swiss"]
[EventRounds "9"]
[EventCountry "PAR"]
[SourceTitle "CBM 184 Extra"]
[Source "ChessBase"]
[SourceDate "2018.06.28"]
[SourceVersion "1"]
[SourceVersionDate "2018.06.28"]
[SourceQuality "1"]

1. c4 Nf6 2. Nc3 g6 3. g3 Bg7 4. Bg2 0-0 5. Nf3 d6 6. 0-0 Nc6 7. Rb1 a5 8. a3 e5 9. d3 Nh5 10. b4 axb4 11. axb4 f5 12. Ng5 Kh8 13. b5 Ne7 14. Qb3 h6 15. Nf3 f4 16. Nd5 Bg4 17. Nh4 Bf5 18. Nxe7 Qxe7 19. Bxb7 Rab8 20. Bf3 Qg5 21. Nxf5 gxf5 22. Qd1 Nf6 23. e3 fxg3 24. fxg3 e4 25. dxe4 fxe4 26. Be2 Nd7 27. Qc2 Nc5 28. Qd2 Kh7 29. Bb2 Nb3 30. Qc2 Qxe3+ 31. Kg2 Nd2 32. Bh5 Nxf1 33. Rxf1 Rxf1 34. Kxf1 Rf8+ 35. Kg2 Qe1 36. Kh3 Bxb2 37. Qxb2 Qf1+ 38. Qg2 Qf5+ 39. Bg4 Qe5 40. Qe2 Qd4 41. Bh5 Qe5 42. Bg4 Kh8 43. Qe3 Kg7 44. Qe2 e3 45. Qd3 Rf2 46. Qd5 Qxd5 47. cxd5 e2 48. Bxe2 Rxe2 49. Kg4 Rd2 50. Kf4 Rxd5 0-1

[Event "South America-ch U20 Girls"]
[Site "Asuncion"]
[Date "2018.05.21"]
[Round "2"]
[White "Cosme Contreras, Trilce"]
[Black "Lugo, Sabrina"]
[Result "1-0"]
[WhiteElo "2008"]
[BlackElo "1180"]
[PlyCount "61"]
[EventDate "2018.05.20"]
[EventType "swiss"]
[EventRounds "9"]
[EventCountry "PAR"]
[SourceTitle "CBM 184 Extra"]
[Source "ChessBase"]
[SourceDate "2018.06.28"]
[SourceVersion "1"]
[SourceVersionDate "2018.06.28"]
[SourceQuality "1"]

1. c4 c5 2. Nc3 e5 3. g3 Nf6 4. Bg2 Nc6 5. d3 d6 6. e3 Be7 7. Nge2 0-0 8. 0-0 Be6 9. f4 Qc8 10. e4 Bh3 11. f5 Bxg2 12. Kxg2 Nd4 13. g4 h6 14. h4 Nh7 15. Rh1 Nxe2 16. Qxe2 f6 17. Bd2 Qe8 18. Rh3 Bd8 19. Nd5 g5 20. fxg6 Qxg6 21. Rg3 Kh8 22. Ne3 Rg8 23. Nf5 b6 24. Rh1 Nf8 25. g5 Ne6 26. h5 Qe8 27. g6 Nf4+ 28. Bxf4 exf4 29. Rg4 Qe5 30. Nxh6 Re8 31. Nf7+ 1-0

[Event "South America-ch U20 Girls"]
[Site "Asuncion"]
[Date "2018.05.20"]
[Round "1"]
[White "Quintana Chanduvi, Daniela Sofia"]
[Black "Cosme Contreras, Trilce"]
[Result "0-1"]
[WhiteElo "1403"]
[BlackElo "2008"]
[PlyCount "78"]
[EventDate "2018.05.20"]
[EventType "swiss"]
[EventRounds "9"]
[EventCountry "PAR"]
[SourceTitle "CBM 184 Extra"]
[Source "ChessBase"]
[SourceDate "2018.06.28"]
[SourceVersion "1"]
[SourceVersionDate "2018.06.28"]
[SourceQuality "1"]

1. e4 c5 2. Nf3 d6 3. d4 cxd4 4. Nxd4 Nf6 5. Nc3 a6 6. Be2 e6 7. Be3 Be7 8. 0-0 Qc7 9. f4 0-0 10. Kh1 Nbd7 11. Bf3 Nb6 12. Bf2 e5 13. Nb3 Nc4 14. Qc1 b5 15. Nd5 Nxd5 16. exd5 Rb8 17. Re1 f5 18. fxe5 dxe5 19. Bg3 Bd6 20. Nd2 e4 21. Bxd6 Nxd6 22. Be2 Bb7 23. a4 Bxd5 24. axb5 axb5 25. b3 b4 26. Qd1 Qc5 27. Ra6 Rbd8 28. Qc1 f4 29. Rf1 e3 30. Nf3 Ne4 31. Ne1 Nc3 32. Bf3 Bxf3 33. Rxf3 Rd1 34. Qxd1 Nxd1 35. Nd3 Qxc2 36. Rd6 Nf2+ 37. Nxf2 exf2 38. h3 Qc1+ 39. Kh2 Qg1# 0-1

[Event "Wch U18 Girls"]
[Site "Montevideo"]
[Date "2017.09.25"]
[Round "10"]
[White "Cosme Contreras, Trilce"]
[Black "Potapova, Margarita"]
[Result "0-1"]
[WhiteElo "1872"]
[BlackElo "2187"]
[PlyCount "102"]
[EventDate "2017.09.17"]
[EventType "swiss"]
[EventRounds "11"]
[EventCountry "URU"]
[SourceTitle "EXT 2018"]
[Source "ChessBase"]
[SourceDate "2017.10.13"]
[SourceVersion "1"]
[SourceVersionDate "2017.10.13"]
[SourceQuality "1"]

1. c4 Nf6 2. Nc3 e6 3. Nf3 d5 4. e3 Be7 5. d4 0-0 6. Bd3 c5 7. 0-0 Nc6 8. a3 dxc4 9. Bxc4 cxd4 10. exd4 b6 11. Re1 Bb7 12. Bf4 Rc8 13. Ba2 Na5 14. Rc1 a6 15. b4 Nc4 16. Ne5 b5 17. Nxc4 bxc4 18. Na4 Qd5 19. f3 Qf5 20. Bg3 Nd5 21. Rxc4 Rcd8 22. Bb1 Qh5 23. Nc5 Ba8 24. Nxa6 Bg5 25. Re5 Be3+ 26. Kh1 Qh6 27. Qc2 g6 28. Re4 Bg5 29. Re5 Ne3 30. Qe2 Be4 31. Bxe4 Rxd4 32. Bc2 Nxc2 33. Rxc2 Rfd8 34. h3 Bf4 35. Be1 Rd1 36. Qf2 Be3 37. Qg3 Qf4 38. Qxf4 Rxe1+ 39. Kh2 Bxf4+ 40. g3 Bxe5 41. Nc5 Rdd1 42. f4 Bd4 43. a4 Bxc5 44. bxc5 Rc1 45. Ra2 Rxc5 46. a5 Rec1 47. h4 R5c2+ 48. Rxc2 Rxc2+ 49. Kh3 Ra2 50. h5 Rxa5 51. hxg6 hxg6 0-1

[Event "Wch U18 Girls"]
[Site "Montevideo"]
[Date "2017.09.17"]
[Round "1"]
[White "Cosme Contreras, Trilce"]
[Black "Lahav, Michal"]
[Result "0-1"]
[WhiteElo "1872"]
[BlackElo "2196"]
[PlyCount "96"]
[EventDate "2017.09.17"]
[EventType "swiss"]
[EventRounds "11"]
[EventCountry "URU"]
[SourceTitle "CBM 180 Extra"]
[Source "ChessBase"]
[SourceDate "2017.10.06"]
[SourceVersion "1"]
[SourceVersionDate "2017.10.06"]
[SourceQuality "1"]

1. c4 Nf6 2. Nc3 g6 3. g3 Bg7 4. Bg2 0-0 5. Nf3 c5 6. d4 d5 7. cxd5 Nxd5 8. e4 Nxc3 9. bxc3 Bg4 10. Be3 Nc6 11. e5 cxd4 12. cxd4 Qa5+ 13. Qd2 Qa6 14. h3 Bxf3 15. Bxf3 Rfd8 16. Bxc6 Qxc6 17. 0-0 Bxe5 18. Qb4 Bf6 19. Rac1 Qd7 20. Bf4 Rac8 21. Be5 Bxe5 22. dxe5 b6 23. a4 Rb8 24. h4 e6 25. Rc3 Qd4 26. Qxd4 Rxd4 27. Ra1 Re4 28. f4 Re2 29. Rd1 Ra2 30. Rd4 b5 31. axb5 Rxb5 32. Rd1 Rbb2 33. Rf3 Kg7 34. Kf1 a5 35. Kg1 a4 36. Kf1 a3 37. Rc1 Rh2 38. Kg1 Rag2+ 39. Kf1 a2 40. Ra3 Rb2 41. Kg1 Rhd2 42. Re1 Rb1 43. Kf1 Rh2 44. Kg1 Rxe1+ 45. Kxh2 a1Q 46. Rxa1 Rxa1 47. g4 Ra3 48. Kg2 Kf8 0-1

[Event "Pan American-ch U18 Girls"]
[Site "San Jose"]
[Date "2017.07.01"]
[Round "1"]
[White "Cosme Contreras, Trilce"]
[Black "Guillen Cristobal, Sandra Nayeli"]
[Result "0-1"]
[WhiteElo "1905"]
[BlackElo "1597"]
[PlyCount "46"]
[EventDate "2017.07.01"]
[EventType "swiss"]
[EventRounds "9"]
[EventCountry "CRI"]
[SourceTitle "EXT 2022"]
[Source "ChessBase"]
[SourceDate "2021.10.06"]
[SourceVersion "1"]
[SourceVersionDate "2021.10.06"]
[SourceQuality "1"]

1. c4 Nf6 2. Nc3 b6 3. e4 d6 4. d4 Bb7 5. d5 Nbd7 6. Nf3 g6 7. Bd3 Bg7 8. h3 c6 9. Be3 Qc7 10. Rc1 0-0 11. 0-0 a5 12. a3 Nc5 13. Bb1 Na6 14. Qd2 Nd7 15. Na4 Nac5 16. Bc2 Ba6 17. b4 axb4 18. axb4 Nxa4 19. Bxa4 Bb7 20. Bxc6 Bxc6 21. dxc6 Qxc6 22. Qd5 Rfc8 23. Rfd1 Ra4 0-1

[Event "South America-ch U20 Girls 13th"]
[Site "Manta"]
[Date "2017.04.28"]
[Round "6"]
[White "Cosme Contreras, Trilce"]
[Black "Ruiz, Mishell"]
[Result "0-1"]
[WhiteElo "1917"]
[BlackElo "1780"]
[PlyCount "128"]
[EventDate "2017.04.25"]
[EventType "swiss"]
[EventRounds "9"]
[EventCountry "ECU"]
[SourceTitle "CBM 178 Extra"]
[Source "ChessBase"]
[SourceDate "2017.06.22"]
[SourceVersion "1"]
[SourceVersionDate "2017.06.22"]
[SourceQuality "1"]

1. c4 g6 2. Nc3 Bg7 3. g3 c5 4. Bg2 Nc6 5. d3 Nf6 6. e4 d6 7. Nge2 0-0 8. 0-0 Rb8 9. h3 a6 10. f4 Bd7 11. a4 Ne8 12. Be3 Nd4 13. Bf2 b5 14. axb5 axb5 15. Nxd4 cxd4 16. Nxb5 Bxb5 17. cxb5 Rxb5 18. Qa4 Qb6 19. Qa7 e5 20. Qxb6 Rxb6 21. Ra2 Rb3 22. Rd1 Nc7 23. Ra7 Nb5 24. Rb7 Ra8 25. f5 Rxb2 26. Rc1 Bh6 27. Rcc7 Ra1+ 28. Bf1 Nxc7 29. Rxb2 gxf5 30. exf5 Nd5 31. Re2 Be3 32. Kg2 Nc3 33. Rc2 Nd1 34. Be1 Bg5 35. Bf2 d5 36. Be2 Nxf2 37. Kxf2 e4 38. h4 Be3+ 39. Kg2 Kg7 40. Rc5 Ra2 41. Kf1 Ra1+ 42. Kg2 Rg1+ 43. Kh2 Re1 44. Rc2 Kf6 45. g4 Ke5 46. Kh3 Kf4 47. f6 h6 48. Kg2 Rg1+ 49. Kh2 Re1 50. Kg2 Rxe2+ 51. Rxe2 exd3 52. Re1 Kxg4 53. Rd1 d2 54. Rf1 d3 55. Rh1 h5 56. Rf1 Kxh4 57. Kf3 d4 58. Ke4 Kg3 59. Kxd3 h4 60. Ke2 h3 61. Rf5 h2 62. Rh5 Kg2 63. Kd1 h1Q+ 64. Rxh1 Kxh1 0-1